书目信息 |
| 题名: |
清华大学计算机技术及应用成果汇编
|
|
| 作者: | ;清华大学科学研究处设备实验室 编 | |
| 分册: | ||
| 出版信息: | 北京 清华大学出版社 1984 |
|
| 页数: | 393页 | |
| 开本: | 21cm | |
| 丛书名: | ||
| 单 册: | ||
| 中图分类: | TP399 | |
| 科图分类: | ||
| 主题词: | 计算机应用 | |
| 电子资源: | ||
| ISBN: | ||
| 000 | 00827nam0 2200229 45 | |
| 001 | 0184011160 | |
| 005 | 20051209084128.84 | |
| 010 | @dCNY1.95 | |
| 091 | @a15235.131 | |
| 100 | @a19950518d1984 emky0chiy0121 ea | |
| 101 | 0 | @achi |
| 102 | @aCN@b110000 | |
| 105 | @ay z 000yy | |
| 200 | 10 | @a清华大学计算机技术及应用成果汇编@Aqing hua da xue ji suan ji ji shu ji ying yong cheng guo hui bian@f清华大学科学研究处设备实验室编@Fqing hua da xue ke xue yan jiu chu she bei shi yan shi bian |
| 210 | @a北京@c清华大学出版社@d1984 | |
| 215 | @a393页@d21cm | |
| 606 | 0 | @a计算机应用 |
| 690 | @aTP399 | |
| 711 | 02 | @a清华大学科学研究处设备实验室@Aqing hua da xue ke xue yan jiu chu she bei shi yan shi@4编 |
| 801 | 2 | @aCN@bNLC@c20051209 |
| 801 | 0 | @aCN@b上海图书馆@c20040519 |
| 905 | @f1@b122293@dTP399@e40@b122295@f1@b122300@f1 | |
| 清华大学计算机技术及应用成果汇编/清华大学科学研究处设备实验室编.-北京:清华大学出版社,1984 |
| 393页;21cm |
| ISBN :CNY1.95 |
| ● |
| 相关链接 |
|
|
|
|
正题名:清华大学计算机技术及应用成果汇编
索取号:TP399/40
 
预约/预借
| 序号 | 登录号 | 条形码 | 馆藏地/架位号 | 状态 | 备注 |
| 1 | 0122292 | 202166958 | 密集书库/ [索取号:TP399/40] | 在馆 | |
| 2 | 0122293 | 001643074 | 第三借阅区/ [索取号:TP399/40] | 在馆 | |
| 3 | 0122294 | 202166949 | 密集书库/ [索取号:TP399/40] | 在馆 | |
| 4 | 0122295 | 001643065 | 第二样本阅览室/ [索取号:TP399/40] | 在馆 | |
| 5 | 0122296 | 202166994 | 密集书库/ [索取号:TP399/40] | 在馆 | |
| 6 | 0122298 | 202166985 | 密集书库/ [索取号:TP399/40] | 在馆 | |
| 7 | 0122299 | 202166967 | 密集书库/ [索取号:TP399/40] | 在馆 | |
| 8 | 0122300 | 001643118 | 密集书库/ [索取号:TP399/40] | 在馆 | |
| 9 | 0122301 | 202166976 | 密集书库/ [索取号:TP399/40] | 在馆 |